Španielsko-slovenský a slovensko-španielsky technický slovník
Salvato in:
| Natura: | Libro |
|---|---|
| Lingua: | slovacco spagnolo |
| Pubblicazione: |
Bratislava :
Alfa,
1971
|
| Edizione: | 1.vyd. |
| Soggetti: | |
| Tags: |
Nessun Tag, puoi essere il primo ad aggiungerne!!
|
MARC
| LEADER | 00000nam a22000003a 4500 | ||
|---|---|---|---|
| 001 | stu42951 | ||
| 005 | 20150408180520.7 | ||
| 008 | 940606s1971----cs------------------slo-d | ||
| 040 | |a STU |b slo | ||
| 041 | 0 | |a slo |a spa | |
| 044 | |a cs | ||
| 080 | |a 801.316.4=60=854=60 | ||
| 080 | |a 62 | ||
| 245 | |a Španielsko-slovenský a slovensko-španielsky technický slovník | ||
| 250 | |a 1.vyd. | ||
| 260 | |a Bratislava : |b Alfa, |c 1971 | ||
| 300 | |a 1139 s | ||
| 650 | 7 | |a Slovníky technické španielsko slovenské |2 stusub | |
| 650 | 7 | |a Slovníky technické slovensko španielské |2 stusub | |
| 650 | 7 | |a technika |2 stusub | |
| 650 | 7 | |a Slovníky španielsko slovenské a slovensko španielské |2 stusub | |
| 996 | |b 284M014650 |c M*28-5 |l MMKN |s A |a 24 |w stu42951_0001 | ||
| 996 | |b 284V028803 |c V*33094/E-1272 |l VVT |s A |a 24 |w stu42951_0002 | ||
| 996 | |b 284M051116 |c M*28-2 |l MMKN |s A |a 24 |w stu42951_0003 | ||
| 996 | |b 284M044642 |c M*28-3 |l MMKN |s A |a 24 |w stu42951_0004 | ||
| 996 | |b 284M044640 |c M*28-9 |l MMKN |s A |a 24 |w stu42951_0005 | ||
| 996 | |b 284M044644 |c M*28-10 |l MMKN |s A |a 24 |w stu42951_0006 | ||